000 00873nam a2200253Ia 4500
003 OSt
005 20220923211420.0
006 a|||||r|||| 00| 0
007 ta
008 Pun
020 _a9788192689319 (hbk)
_c120
024 _a290,715
037 _b1012, 24/02/2016, H.K. Prakashan
_cTextual
040 _aARTS
_cARTS
_bPun
041 _2Pun
_aPun
082 _aO153,6NGI5x, Q3
100 _aਗਿੱਲ, ਸਵੈਜੋਤ ਕੌਰ
245 0 _aਥੀਮ ਵਿਗਿਆਲ ਅਤੇ ਹੋਰ ਸਾਹਿਤਕ ਲੇਖ
260 _aਅੰਮ੍ਰਿਤਸਰ
_b ਕੇ. ਜੀ. ਗ੍ਰਾਫਿਕਸ
_c2013
300 _a80ਪੰ
_ccm.
650 _aਪੰਜਾਬੀ ਸਾਹਿਤ
942 _hO153,6NGI5x, Q3
_cTEXL
_2CC
999 _c299242
_d299242